Az Iszlám Állam Online Propagandája

Bibliographic Details
Main Author: Szabó Rita
Other Authors: Gyene Dr. Pál
Format: Thesis
Kulcsszavak:Terrorizmus
Propaganda
Iszlám Állam
Média
Online Access:http://dolgozattar.uni-bge.hu/8569

MARC

LEADER 00000nta a2200000 i 4500
001 dolg8569
005 20170619102632.0
008 161209suuuu hu om 000 hun d
040 |a BGE Dolgozattár Repozitórium  |b hun 
041 |a hu 
100 1 |a Szabó Rita 
245 1 3 |a Az Iszlám Állam Online Propagandája  |c Szabó Rita  |h [elektronikus dokumentum] 
246 1 1 |a Az Iszlám Állam Online Propagandája 
695 |a Terrorizmus 
695 |a Propaganda 
695 |a Iszlám Állam 
695 |a Média 
700 1 |a Gyene Dr. Pál  |e ths 
856 4 0 |u http://dolgozattar.uni-bge.hu/8569/1/Szabo_Rita_szakdolgozat_jy6wmu%20%281%29.pdf  |z Dokumentum-elérés